Bharatiya samaj biwastha (Record no. 4679)

MARC details
000 -LEADER
fixed length control field 00550cam a2200229ua 4500
008 - FIXED-LENGTH DATA ELEMENTS--GENERAL INFORMATION
fixed length control field 141203n ii |||gr||||Z||||||asm
020 ## - INTERNATIONAL STANDARD BOOK NUMBER
International Standard Book Number 978-93-81784-27-3
040 ## - CATALOGING SOURCE
Transcribing agency MAIN
041 ## - LANGUAGE CODE
-- asm
082 ## - DEWEY DECIMAL CLASSIFICATION NUMBER
Classification number 301.0954
245 ## - TITLE STATEMENT
Title Bharatiya samaj biwastha
Statement of responsibility, etc. by B.N Borthakur
250 ## - EDITION STATEMENT
Edition statement 1st.
260 ## - PUBLICATION, DISTRIBUTION, ETC.
Place of publication, distribution, etc. Jorhat:
Name of publisher, distributor, etc. Bidya bhawan,
Date of publication, distribution, etc. 2012.
300 ## - PHYSICAL DESCRIPTION
Extent x,400p.
700 ## - ADDED ENTRY--PERSONAL NAME
Personal name Borthakur,B.N.
700 ## - ADDED ENTRY--PERSONAL NAME
Personal name Saikia, J. P.
942 ## - ADDED ENTRY ELEMENTS (KOHA)
Koha item type Books
653 ## - INDEX TERM--UNCONTROLLED
Uncontrolled term Sociology
653 ## - INDEX TERM--UNCONTROLLED
Uncontrolled term Bharatiya samaj biwastha
653 ## - INDEX TERM--UNCONTROLLED
Uncontrolled term Indian society
Holdings
Withdrawn status Lost status Damaged status Not for loan Home library Current library Shelving location Date acquired Total Checkouts Full call number Barcode Date last seen Copy number Price effective from Koha item type Date last checked out
        Naharkatiya College Library Naharkatiya College Library General Stacks 19/09/2020   301.0954 | BOR 21399 19/09/2020 2 19/09/2020 Books  
        Naharkatiya College Library Naharkatiya College Library General Stacks 19/09/2020 1 301.0954 | BOR 21400 20/02/2024 4 19/09/2020 Books 09/02/2024
        Naharkatiya College Library Naharkatiya College Library General Stacks 19/09/2020 4 301.0954 | BOR 21401 03/04/2025 3 19/09/2020 Books 15/03/2025
        Naharkatiya College Library Naharkatiya College Library General Stacks 19/09/2020 1 301.0954 | BOR 21403 30/10/2023 1 19/09/2020 Books 16/10/2023

Naharkatiya College © 2020. All rights reserved.

Powered By